000 00327nam a22001457a 4500
008 210607b ||||| |||| 00| 0 eng d
020 _a9780079042439
041 _aeng
080 _a541
082 _a541
100 _a12
101 _aKIM
245 _aFlorida Chemistry Matter & Change
_cAlton J. Banks
942 _2udc
_cBK
999 _c58017
_d58017